| 000 | 00891nam0a22002651 4500 | ||
|---|---|---|---|
| 001 | rc\194964 | ||
| 005 | 20250620225712.0 | ||
| 010 |
_a5-87204-014-8 _910000 |
||
| 035 | _a(NLR Aleph) 005449949 | ||
| 090 |
_a4846704 _c4846704 |
||
| 100 | _a20030307d1994 |||y0rusy50 ca | ||
| 101 | 0 | _arus | |
| 102 | _aRU | ||
| 105 | _ay ||||||||| | ||
| 200 | 1 |
_aРыночная экономика и деловые отношения _eСловарь-справочник _f[Авт.-сост. Гайсина Р.М. и др.] |
|
| 210 |
_aУфа _cКоданс _d1994 |
||
| 215 |
_a262, [1] с. _d22 |
||
| 320 | _aБиблиогр.: с. 187-189 | ||
| 320 | _aУказ. алф. и темат.: с. 190-262 | ||
| 702 | 1 |
_aГайсина _bР.М. _gРейда Миргалеевна _4220 |
|
| 801 | 0 |
_aRU _bNLR _gpsbo |
|
| 801 | 1 |
_aRU _bELAR _2rusmarc |
|
| 852 |
_aNLR _bС _jК-2/6307 |
||
| 942 | _cBOOK | ||
| 980 | _aNB | ||